000 00855nas a2200277 4500
001 BR0401087
003 BR-BrBNA
005 20231205104357.0
007 ta
008 230509b bl.|||p| |||| 00| 00por d
040 _aBR-BrBNA
_bpor
_cBiblioteca Nacional de Agricultura
041 _a(En)
072 _aF04; T01
100 1 _aBonomelli, C.
100 1 _aBonilla, C.
100 1 _aValenzuela, A.
245 1 _aEfecto de la fertilización fosforada sobre el contenido de cadmio en cuatro suelos de Chile
650 _aSOLO
650 _aFERTILIZANTE FOSFATADO
650 _aCÁDMIO
650 _aANÁLISE QUANTITATIVA
650 _aCONTAMINAÇÃO
773 0 _tPesquisa Agropecuária Brasileira (Brazil)
_xISSN 0101-204X
_g(Oct 2003), v. 38(10) p. 1179-1186
_wBR0401087
909 _a202311
_bLúcia
_c55
_dLúcia Elande
942 _2AGRIS
_n0
_cANA
999 _c177837
_d177837